| 000 | 00464cam a2200193ua 4500 | ||
|---|---|---|---|
| 020 | _cRs 63.00 | ||
| 041 |
_aeng _h |
||
| 082 |
_a581.5 _bODU/EC |
||
| 100 | _aOdum, Eugene P. | ||
| 245 |
_aEcology / _cEugene P Odum. _hTextual Documents |
||
| 250 |
_a2 / _b. |
||
| 260 |
_aNew Delhi : _bOxford & IBH Publishing company , _c1963. |
||
| 300 | _a244 ; . | ||
| 365 | _aRs 63.00 | ||
| 504 | _a | ||
| 650 | _aEcology | ||
| 942 | _cBK | ||
| 999 |
_c225 _d225 |
||